[Event "COL-ch U16 sf1"]
[Site "Duitama"]
[Date "2019.04.12"]
[Round "3.13"]
[White "Escorcia Herrera, Flavio Fabrizio"]
[Black "Perez Rojas, Julieth Tatina"]
[Result "1-0"]
[WhiteElo "1402"]
[BlackElo "1466"]
[PlyCount "20"]
[EventDate "2019.04.11"]
[EventType "swiss"]
[EventRounds "6"]
[EventCountry "COL"]
[SourceTitle "EXT 2024"]
[Source "ChessBase"]
[SourceDate "2023.10.10"]
[SourceVersion "1"]
[SourceVersionDate "2023.10.10"]
[SourceQuality "1"]

1. e4 e5 2. Nf3 Nc6 3. d4 d6 4. dxe5 dxe5 5. Qxd8+ Nxd8 6. Nxe5 Nf6 7. Nc3 Bd6 8. Nd3 c6 9. e5 Be7 10. exf6 Bxf6 1-0

[Event "COL-ch U16 sf1"]
[Site "Duitama"]
[Date "2019.04.11"]
[Round "1.14"]
[White "Perez Rojas, Julieth Tatina"]
[Black "Espinosa Avila, Jose David"]
[Result "0-1"]
[WhiteElo "1466"]
[BlackElo "1447"]
[PlyCount "44"]
[EventDate "2019.04.11"]
[EventType "swiss"]
[EventRounds "6"]
[EventCountry "COL"]
[SourceTitle "EXT 2024"]
[Source "ChessBase"]
[SourceDate "2023.10.10"]
[SourceVersion "1"]
[SourceVersionDate "2023.10.10"]
[SourceQuality "1"]

1. e4 c5 2. Nf3 e6 3. c3 a6 4. Bc4 Qc7 5. d4 cxd4 6. cxd4 Qxc4 7. Nbd2 Qc7 8. g3 Nf6 9. Nh4 d6 10. 0-0 Be7 11. Qf3 Nc6 12. Qf4 Nxd4 13. Qe3 Nc2 14. Qg5 Nxa1 15. Ndf3 Nc2 16. Bf4 e5 17. Be3 Nxe3 18. fxe3 0-0 19. Nf5 Bxf5 20. exf5 Qb6 21. Nh4 h6 22. Qxf6 Bxf6 0-1